NIBHANDH RACHANA (Record no. 4432)
[ view plain ]
| 000 -LEADER | |
|---|---|
| fixed length control field | 00258nam a22001217a 4500 |
| 082 ## - DEWEY DECIMAL CLASSIFICATION NUMBER | |
| Classification number | 494 |
| Item number | KIS/N |
| 100 ## - MAIN ENTRY--AUTHOR NAME | |
| Personal name | KISHORE, B. R |
| 245 ## - TITLE STATEMENT | |
| Title | NIBHANDH RACHANA |
| 260 ## - PUBLICATION, DISTRIBUTION, ETC. (IMPRINT) | |
| Place of publication | DELHI |
| Name of publisher | HINDUSTAN OFF SET PRESS |
| 300 ## - PHYSICAL DESCRIPTION | |
| Number of Pages | 152 |
| 650 ## - SUBJECT ADDED ENTRY--TOPICAL TERM | |
| Topical Term | ESSAY |
| Geographic subdivision | INDIA |
| 942 ## - ADDED ENTRY ELEMENTS (KOHA) | |
| Koha item type | Books |
| Withdrawn status | Lost status | Collection code | Home library | Current library | Shelving location | Date acquired | Source of acquisition | Full call number | Accession Number | Koha item type |
|---|---|---|---|---|---|---|---|---|---|---|
| Reference | Main Library | Main Library | 07/10/2015 | PURCHASE | 494 KIS/N | 09698 | Books |